Associa il nome, al cognome del giornalista italiano - Statistics

Statistiche generali
  • Questo quiz è stato fatto 63 volte
  • Il punteggio medio è 27 su 55
Statistiche sulle risposte
Hint Risposta % Corretto
Emilio Fede
83%
Selvaggia Luccarelli
81%
Bruno Vespa
79%
Pier Paolo Pasolini
77%
Bianca Berlinguer
73%
Maurizio Costanzo
73%
Nadia Toffa
71%
Lilli Gruber
69%
Aldo Cazzullo
67%
Francesca Fagnani
67%
Oriana Fallaci
67%
Massimo Giletti
67%
Enrico Mentana
65%
Indro Montanelli
65%
Daria Bignardi
63%
Corrado Augias
62%
Roberto Saviano
62%
Enzo Biagi
60%
Vittorio Feltri
60%
Gad Lerner
56%
Myrta Merlino
54%
Barbara Palombelli
54%
Rula Jebreal
52%
Sigfrido Ranucci
52%
Marco Travaglio
52%
Concita De Gregorio
50%
Mario Giordano
50%
David Parenzo
50%
Alberto Matano
48%
Nicola Porro
48%
Michele Santoro
48%
Peter Gomez
46%
Giuliano Ferrara
44%
Milena Gabanelli
44%
Giuseppe Cruciani
42%
Gianni Minà
40%
Eugenio Scalfari
40%
Beppe Severgnini
40%
Paolo Mieli
38%
Alessandro Sallusti
38%
Daniele Capezzone
37%
Giovanni Floris
37%
Gianluigi Paragone
37%
Andrea Scanzi
33%
Walter Tobagi
31%
Saverio Tommasi
31%
Monica Maggioni
27%
Mino Pecorelli
25%
Sandro Ruotolo
25%
Emiliano Fittipaldi
21%
Federico Rampini
21%
Luca Sommi
19%
Franco Bechis
15%
Antonio Padellaro
15%
Lina Palmierini
13%
Nessun quiz corrispondente trovato
Distribuzione punteggi
Percentuale di utenti per punteggio
Percentile per numero di risposta
I tuoi punteggi nel tempo
Non hai fatto questo quiz